000 00621nam a2200229Ia 4500
001 12208
003 GE_BSU
008 181216s||||||||xx |||||||||||||| ||und||
020 _a9785713314096
040 _cGE_BSU
080 _a81'25(075.8)+327(075.8)
100 _aДубинин,Ю.В.
245 _aМастерство переговоров
250 _a4-ое изд.
260 _aМосква
260 _bМеждународные отношения
260 _c2012
300 _a320стр.Илл.22см.
541 _h44Л.
653 _aМастерство переговоров
942 _cBK
999 _c45384
_d45384